The slave trade, domestic & foreign ; why it exists & how it may be extinguished.

Bibliographic Details
Main Author: Carey, Henry Charles, 1793-1879
Format: Book
Language:English
Published: New York : A. M. Kelley, 1967.
Series:Reprints of economic classics
Subjects:

MARC

Tag First Indicator Second Indicator Subfields
LEADER 00000cam a22000001 4500
001 in00000060079
005 20151008051557.0
008 740605r19671853nyu b 00000 eng
010 |a  67018574  
035 |a (OCoLC)00261996 
035 |9 AAG8771AM 
040 |a DLC  |c DLC  |d TXA  |d UtOrBLW 
049 |a TXAM  |c [467749] 
050 0 |a HT985  |b .C3 1967 
082 0 |a 331.5/82 
092 |a 331.582  |b C274s, 1967 
100 1 |a Carey, Henry Charles,  |d 1793-1879. 
245 1 4 |a The slave trade, domestic & foreign ;  |b why it exists & how it may be extinguished. 
264 1 |a New York :  |b A. M. Kelley,  |c 1967. 
300 |a 426 pages ;  |c 22 cm. 
336 |a text  |b txt  |2 rdacontent 
337 |a unmediated  |b n  |2 rdamedia 
338 |a volume  |b nc  |2 rdacarrier 
490 0 |a Reprints of economic classics 
500 |a Reprint of the 1853 edition. 
504 |a Bibliographical footnotes. 
650 0 |a Slave trade. 
650 0 |a Slavery. 
650 0 |a Slavery  |z United States. 
650 0 |a Working class. 
999 |a MARS 
999 f f |s 961f8ff8-5347-3919-a189-7450963fe7a0  |i 69d187f7-eee9-3b36-bf65-c115a70d3e33  |t 0 
952 f f |p ric  |a Texas A&M University  |b Rellis Campus  |c Joint Library Facility  |d Remote Storage  |t 0  |e HT985 .C3 1967  |h Library of Congress classification  |i unmediated -- volume  |m A14800720097 
998 f f |a HT985 .C3 1967  |t 0  |l Remote Storage